• 首页
  • 本馆介绍
  • 公告通知
  • 最新文献
  • 馆藏检索
  • 电子资源
  • 读者导购
  • 参考咨询
  • 我的图书馆
  • 登录
  • 详细信息显示
  • 放入我的书架
  • 预约/预借图书
  • 作者相关作品
  • 分类相关作品
  • 丛书相关作品
  • 出版社相关作品

书目信息

  • 表格格式
  • 工作单格式
  • 卡片格式
题名:
植物病理学研究进展
    
 
作者: 马占鸿 周雪平 ;赵延昌郑建秋
分册:  
出版信息: 北京   中国农业科技出版社  2001
页数: 331
开本: 26cm
丛书名:
单 册:
中图分类: S432.1
科图分类:
主题词: 植物--病虫害 , 植物--病虫害防治方法
电子资源:
ISBN: 7-80119-911-1
000 00720nam0 2200205 450
001 0741144344
005 20070817112544.34
010    @a7-80119-911-1@d¥50.00
100    @a20070817d km y0chiy0120 ea
101 0  @achi
200 1  @a植物病理学研究进展@Azhi wu bing li xue yan jiu jin zhan@f马占鸿 周雪平等@Fma zhan hong zhou xue ping deng@g赵延昌郑建秋等@Gzhao yan chang zheng jian qiu deng
210    @a北京@c中国农业科技出版社@d2001
215    @a331@d26cm
606 0  @a植物@x病虫害
606 0  @a植物@x病虫害防治方法
690    @aS432.1@v3
701  0 @a马占鸿 周雪平@Ama zhan hong zhou xue ping
702  0 @a赵延昌郑建秋@Azhao yan chang zheng jian qiu
801  0 @aCN@bPFT@c20070817
905    @a213230@dS432.1@en1@f1
    
    植物病理学研究进展/马占鸿 周雪平等/赵延昌郑建秋等.-北京:中国农业科技出版社,2001
    331;26cm
    
    
    ISBN 7-80119-911-1:¥50.00
    
●
相关链接 在E读中查询图书 在五车中查询图书 在当当中查询图书 在豆瓣中查询图书


正题名:植物病理学研究进展     索取号:S432.1/n1         预约/预借

序号 登录号 条形码 馆藏地/架位号 状态 备注
1 6600609   266006092   密集书库-生命科学系/ [索取号:S432.1/n1] 在馆    
唐山师范学院图书馆 欢迎您!
大连网信软件有限公司© 版权所有